Grafología analizando la personalidad (Registro nro. 9280)

Detalles MARC
000 -Cabecera
Campo de control de longitud fija 00682nam a22002657a 4500
005 - Fecha y hora de la última transacción
Campo de control 20251124162708.0
008 - Elementos de longitud fija--Información general
Campo de control de longitud fija 161003b2014 xxu||||| |||| 00| 0 spa d
020 ## - International Standard Book Number
Número Internacional Estándar del Libro (ISBN) 9789962058601
041 ## - Idioma
Código de idioma Español
082 ## - Clasificación Decimal Dewey
Número de clasificación 363.256.5 G643g
100 ## - Entrada principal--Autor personal
Nombre personal González Porras, Juan Fernando
9 (RLIN) 42201
245 ## - Título propiamente dicho
Título Grafología analizando la personalidad
260 ## - Pie de imprenta
Lugar de publicación, distribución, etc. Panamá
260 ## - Pie de imprenta
Nombre del editor, distribuidor, etc. Seguridad y Defensa
260 ## - Pie de imprenta
Fecha de publicación, distribución, etc. 2014
300 ## - Descripción física
Extensión 148 páginas
490 ## - Serie
Título de la Serie Investigación Criminal
650 ## - Materia general
Temática (materia general) GRAFOLOGÍA
650 ## - Materia general
Temática (materia general) INVESTIGACIÓN CRIMINAL
650 ## - Materia general
Temática (materia general) CRIMINALÍSTICA
650 ## - Materia general
Temática (materia general) FIRMA
650 ## - Materia general
Temática (materia general) ESCRITURA
650 ## - Materia general
Temática (materia general) GRAFOANÁLISIS
942 ## - Punto de acceso adicional KOHA
Tipo de ítem KOHA Libro
Fuente del sistema de clasificación o colocación Dewey Decimal Classification
Existencias
Signatura completa Código de barras Programa Académico Tipo de ítem
363.256.5 G643g 21988 Investigación Criminal Libro